Geography and development : (Record no. 38372)
| 000 -BAŞLIK | |
|---|---|
| Sabit Uzunluktaki Kontrol Alanı | 01061nam a22003137a 4500 |
| 001 - KONTROL NUMARASI | |
| Control Dosyası | 0038539 |
| 003 - KONTROL NUMARASI KİMLİĞİ | |
| Kontrol Alanı | KOHA_MİRAKIL |
| 005 - EN SON İŞLEM TARİHİ ve ZAMANI | |
| Kontrol Alanı | 20260207003103.0 |
| 007 - FİZİKSEL TANIM SABİT ALAN - GENEL BİLGİ | |
| Sabit uzunluklu kontrol alanı | ta |
| 008 - SABİT UZUNLUKTAKİ VERİ ÖGELERİ - GENEL BİLGİ | |
| Sabit Alan | 120920b1992 tu a|||gr||||#||||0|tur | |
| 020 ## - ISBN - ULUSLARARASI STANDART KİTAP NUMARASI | |
| Isbn | 0023379359 |
| 040 ## - KATALOGLAMA KAYNAĞI | |
| Özgün Kataloglama Kurumu | TR-BiSEU |
| Kataloglama Dili | tur |
| Çeviri Kurumu | TR-BiSEU |
| Açıklama Kuralları | rda |
| 041 0# - DİL KODU | |
| Metin ya da ses kaydının dil kodu | tur |
| 044 ## - YAYINLAYAN/ÜRETEN KURULUŞUN ÜLKE KODU | |
| ISO country code | tu |
| 050 ## - SINIFLAMA ve YER NUMARASI | |
| Sınıflama Numarası | HD82 |
| Yer Numarası | .G39 1992 |
| 245 1# - ESER ADI BİLDİRİMİ | |
| Başlık | Geography and development : |
| Alt Eseradı vb. | a world regional approach. |
| 250 ## - BASIM BİLDİRİMİ | |
| Basım Bildirimi | 4th ed. / edited by James S. Fisher. |
| 264 #1 - ÜRERİM, YAYIN, DAĞITIM ve TELİF BİLDİRİMİ | |
| Yayın yeri | New York : |
| Yayınlayan | Macmillan ; |
| Yayın yeri | Toronto : |
| Yayınlayan | Maxwell Macmillan Canada ; |
| Yayın yeri | New York : |
| Yayınlayan | Maxwell Macmillan International |
| Yayın tarihi | 1992 |
| 300 ## - FİZİKSEL TANIMLAMA | |
| Sayfa, Cilt vb. | xxxi, 729 pages : |
| Diğer fiziki detaylar | col. ill. ; |
| Boyutları | 26 cm. |
| 336 ## - İÇERİK TÜRÜ | |
| Content type term | metin |
| Content type code | txt |
| Source | rdacontent |
| 337 ## - MEDYA TÜRÜ | |
| Media type term | aracısız |
| Media type code | n |
| Source | rdamedia |
| 338 ## - TAŞIYICI TÜRÜ | |
| Carrier type term | cilt |
| Carrier type code | nc |
| Source | rdacarrier |
| 500 ## - GENEL NOT | |
| Genel Not | Includes bibliographical references and index. |
| 650 #0 - KONU BAŞLIĞI EK GİRİŞ - KONU TERİMİ | |
| Konusal terim veya coğrafi ad | Economic development. |
| 9 (RLIN) | 6960 |
| 650 #0 - KONU BAŞLIĞI EK GİRİŞ - KONU TERİMİ | |
| Konusal terim veya coğrafi ad | Economic history. |
| 9 (RLIN) | 5338 |
| 650 #0 - KONU BAŞLIĞI EK GİRİŞ - KONU TERİMİ | |
| Konusal terim veya coğrafi ad | Economic geography. |
| 9 (RLIN) | 17977 |
| 650 #0 - KONU BAŞLIĞI EK GİRİŞ - KONU TERİMİ | |
| Konusal terim veya coğrafi ad | Developing countries--Economic conditions. |
| 9 (RLIN) | 11498 |
| 942 ## - EK GİRİŞ ÖGELERİ (KOHA) | |
| Source of classification or shelving scheme | Library of Congress Classification |
| Koha item type | Book |
| Materyal Türü | Kalıcı Konum | Mevcut Konum | Raf Yeri | Sınıflandırma Kaynağı | Edinim Bilgisi | Ana Konular | Alt Konular | Yer Numarası | Demirbaş Numarası | Fatura Tarihi | Maliyet, Alış Fiyatı | Maliyet, Yenileme Fiyatı | Geri Çekilme Durumu | Kayıp Durumu | Hasarlı Durumu | Kredi için değil | Kayıt Tarih | Toplam Ödünçverme | Son Görülme Tarihi | Son Kontrol Tarihi | Genel / Bağış Notu |
|---|---|---|---|---|---|---|---|---|---|---|---|---|---|---|---|---|---|---|---|---|---|
| Book | Prof. Dr. Azmi Özcan Kütüphanesi | Prof. Dr. Azmi Özcan Kütüphanesi | Uluğbey Salonu | Library of Congress Classification | Bağış | SOSYAL BİLİMLER | Endüstriler, Arazi Kullanımı, İşgücü | HD82 .G39 1992 | 0038539 | 02/02/2026 | 8.00 | 8.00 | 20/09/2012 | 1 | 05/12/2024 | 05/12/2024 | Genel Bağış |
